Loading...
| Science - Biology | 0 | 9 | 2 | 0 | 80 | 61 | 114.78 | 1 | 2 | 0.00 | 0.00 |
| Science - Chemistry | 0 | 6 | 0 | 3 | 60 | 96 | 122.00 | 0 | 0 | 0.00 | 0.00 |
| Fine Arts - Painting & Sculpture | 0 | 5 | 0 | 0 | 50 | 78 | 112.00 | 0 | 1 | 0.00 | 0.00 |
| Science - Physics | 0 | 4 | 0 | 0 | 40 | 88 | 118.00 | 0 | 0 | 0.00 | 0.00 |
| Fine Arts - Other | 0 | 2 | 0 | 0 | 20 | 92 | 104.00 | 0 | 0 | 0.00 | 0.00 |
| History - American | 0 | 2 | 0 | 1 | 20 | 101 | 123.00 | 0 | 0 | 0.00 | 0.00 |
| Fine Arts - Classical Music | 0 | 2 | 0 | 1 | 20 | 122 | 135.50 | 0 | 0 | 0.00 | 0.00 |
| History - European | 0 | 1 | 0 | 0 | 10 | 127 | 127.00 | 0 | 0 | 0.00 | 0.00 |
| Literature - World | 0 | 1 | 0 | 0 | 10 | 137 | 137.00 | 0 | 0 | 0.00 | 0.00 |
| Literature - British | 0 | 1 | 0 | 0 | 10 | 140 | 140.00 | 0 | 0 | 0.00 | 0.00 |
| Social Science | 0 | 1 | 1 | 0 | 5 | 114 | 114.00 | 0 | 0 | 0.00 | 0.00 |
| Literature - European | 0 | 0 | 0 | 0 | 0 | 0.00 | 0 | 0 | 0.00 | 0.00 | |
| Current Events | 0 | 0 | 0 | 0 | 0 | 0.00 | 0 | 0 | 0.00 | 0.00 | |
| Religion | 0 | 0 | 0 | 0 | 0 | 0.00 | 0 | 0 | 0.00 | 0.00 | |
| Philosophy | 0 | 0 | 2 | 0 | -10 | 0.00 | 0 | 0 | 0.00 | 0.00 |